UBT Library

Nationalism : (Record no. 193)

000 -LEADER
fixed length control field 00713cam a2200241 a 4500
005 - DATE AND TIME OF LATEST TRANSACTION
control field 20131029060717.0
008 - FIXED-LENGTH DATA ELEMENTS--GENERAL INFORMATION
fixed length control field 860122s1986 mnuab b 001 0 eng
020 ## - INTERNATIONAL STANDARD BOOK NUMBER
International Standard Book Number 0899083870
020 ## - INTERNATIONAL STANDARD BOOK NUMBER
International Standard Book Number 0899083625
041 0# - LANGUAGE CODE
Language code of text/sound track or separate title eng
080 ## - UNIVERSAL DECIMAL CLASSIFICATION NUMBER
Universal Decimal Classification number 327.39
245 00 - TITLE STATEMENT
Title Nationalism :
Statement of responsibility, etc [edited by] Bruno Leone.
250 ## -
-- 2nd., rev.
260 ## -
-- St. Paul, Minn. :
-- Greenhaven Press,
-- c1986.
300 ## -
-- 145 p. :
-- ill., maps ;
-- 23 cm.
440 #4 -
-- The Isms
500 ## -
-- Preface to first edition : f. 13-14
500 ## -
-- Preface to second edition : f. 15
504 ## - BIBLIOGRAPHY, ETC. NOTE
Bibliography, etc Includes bibliographies and index.
650 #0 -
-- Nacionalizmi
700 1# -
-- Leone, Bruno,
-- 1939-
942 ## - ADDED ENTRY ELEMENTS (KOHA)
Source of classification or shelving scheme
Item type Books
Holdings
Withdrawn status Lost status Source of classification or shelving scheme Damaged status Not for loan Collection code Permanent location Current location Shelving location Date acquired Total Checkouts Full call number Barcode Date last seen Koha item type
          Koleksioni i përgjithshem UBT - Prishtine UBT - Prishtine Koleksioni i përgjithshem 10/29/2013   327.39 NAT 001-000215 10/29/2013 Books
UBT Library © 2015-2024. All rights reserved University Education for Business and Technology